<?xml version="1.0" encoding="UTF-8"?>
<record
    xmlns:xsi="http://www.w3.org/2001/XMLSchema-instance"
    xsi:schemaLocation="http://www.loc.gov/MARC21/slim http://www.loc.gov/standards/marcxml/schema/MARC21slim.xsd"
    xmlns="http://www.loc.gov/MARC21/slim">

  <leader>02399nam a22001937a 4500</leader>
  <datafield tag="999" ind1=" " ind2=" ">
    <subfield code="c">8517</subfield>
    <subfield code="d">8517</subfield>
  </datafield>
  <controlfield tag="003">GBCCL</controlfield>
  <controlfield tag="005">20241126110652.0</controlfield>
  <controlfield tag="008">210311b           ||||| |||| 00| 0 eng d</controlfield>
  <datafield tag="020" ind1=" " ind2=" ">
    <subfield code="a">0800637674 (alk. paper)</subfield>
  </datafield>
  <datafield tag="040" ind1=" " ind2=" ">
    <subfield code="c">GBC</subfield>
  </datafield>
  <datafield tag="082" ind1=" " ind2=" ">
    <subfield code="a">221.67</subfield>
    <subfield code="b">ANC</subfield>
  </datafield>
  <datafield tag="245" ind1=" " ind2=" ">
    <subfield code="a">Ancient Israel : </subfield>
    <subfield code="b">the Old Testament in its social context /</subfield>
    <subfield code="c">edited by Philip F. Esler.</subfield>
  </datafield>
  <datafield tag="260" ind1=" " ind2=" ">
    <subfield code="a">Minneapolis : </subfield>
    <subfield code="b">Fortress, </subfield>
    <subfield code="c">2006.</subfield>
  </datafield>
  <datafield tag="300" ind1=" " ind2=" ">
    <subfield code="a">xvii, 420 p. ; </subfield>
    <subfield code="c">24 cm</subfield>
  </datafield>
  <datafield tag="505" ind1=" " ind2=" ">
    <subfield code="a">Social-scientific models in biblical interpretation / Philip F. Esler -- The social-scientific analysis of the Old Testament : a brief history and overview / Philip F. Esler &amp; Anselm Hagedorn -- Tribalism: social organization in the Biblical Israels / Robert Coote -- Polygyny: insights from rural Haiti / Carolyn Leeb -- Sacrifice: the ritual for the leper in Leviticus 14 / Adriana Destro &amp; Mauro Pesce -- Reciprocity: covenantal exchange as a test case / Zeba Crook -- Wealth: how Abraham became rich / Gary Stansell -- Prophecy: Joseph Smith and the gestalt of the Israelite prophet / Lester Grabbe -- Barrenness: trance as a protest strategy / Dietmar Neufeld -- Micah: models matter : political economy and Micah 6:9-15 / Marvin Chaney -- Deuteronomy: shameful encroachment on shameful parts : Deuteronomy 25:11-12 and biblical euphemism  / John H. Elliott -- Judges: (Dis)honor and ritual enactment, the  Jephthah story Judges 10:16-12:1 / Richard E. DeMaris &amp; Carolyn Leeb -- 2 Samuel: David and the Ammonite War : a narrative and social-scientific interpretation of 2 Samuel 10-12 / Philip F. Esler -- Ezekiel: an altered state of consciousness experience, the call of Ezekiel: Ezekiel 1-3 / John Pilch -- Nahum: ethnicity and stereotypes: anthropological insights into Nahum's literary history / Anselm Hagedorn -- Maccabees: Symbolic wars and age-sets: the anthropology of war in 1 Maccabees / Mario Aguilar -- Qumran: the prototypical teacher in the Qumran Pesharim : a social identity approach  / Jutta Jokiranta -- Bible hermeneutics: Marcion's truth and a developmental perspective / Douglas E. Oakman -- Interfaith dialogue: challenging the received view / Bruce J. Malina -- Psychology: Moses and monotheism: the future of Freud's illusion / Andrew D.H. Mayes.</subfield>
  </datafield>
  <datafield tag="650" ind1=" " ind2=" ">
    <subfield code="a">Bible.</subfield>
    <subfield code="v">Old Testament</subfield>
    <subfield code="x">Social scientific criticism</subfield>
    <subfield code="y">Congresses.</subfield>
    <subfield code="9">14977</subfield>
  </datafield>
  <datafield tag="650" ind1=" " ind2=" ">
    <subfield code="a">Sociology, Biblical</subfield>
    <subfield code="v">Congresses.</subfield>
    <subfield code="9">14978</subfield>
  </datafield>
  <datafield tag="942" ind1=" " ind2=" ">
    <subfield code="2">ddc</subfield>
    <subfield code="c">BK</subfield>
    <subfield code="0">1</subfield>
  </datafield>
  <datafield tag="952" ind1=" " ind2=" ">
    <subfield code="0">0</subfield>
    <subfield code="1">0</subfield>
    <subfield code="2">ddc</subfield>
    <subfield code="4">0</subfield>
    <subfield code="7">0</subfield>
    <subfield code="a">GBC</subfield>
    <subfield code="b">GBC</subfield>
    <subfield code="c">BS</subfield>
    <subfield code="d">2021-03-11</subfield>
    <subfield code="l">2</subfield>
    <subfield code="o">221.67 ANC</subfield>
    <subfield code="p">020151</subfield>
    <subfield code="r">2025-09-19 21:38:18</subfield>
    <subfield code="s">2025-09-18</subfield>
    <subfield code="t">c.1</subfield>
    <subfield code="w">2021-03-11</subfield>
    <subfield code="y">BK</subfield>
  </datafield>
</record>
